Manuel Gómez Hassan
Պահպանված է:
| Հիմնական հեղինակ: | |
|---|---|
| Ձևաչափ: | Գիրք |
| Լեզու: | իսպաներեն |
| Հրապարակվել է: |
Talca
Universidad de Talca
2012
|
| Հրատարակություն: | 1a. ed |
| Շարք: | Colección Corporativa
|
| Խորագրեր: | |
| Ցուցիչներ: |
Ավելացրեք ցուցիչ
Չկան պիտակներ, Եղեք առաջինը, ով նշում է այս գրառումը!
|
MARC
| LEADER | 00000cam a2200000 a 4500 | ||
|---|---|---|---|
| 001 | UCC1818 | ||
| 003 | CL-VaPUC | ||
| 008 | 171201e20120000cl |||||||||||||||||spa|d | ||
| 020 | |a 9789563290172 | ||
| 082 | 0 | 4 | |a 709.83 |b ZAM |2 21 |
| 100 | 0 | |a Zamorano, Pedro Emilio |e author |9 595908 | |
| 245 | 1 | 0 | |a Manuel Gómez Hassan |
| 250 | |a 1a. ed | ||
| 300 | |a 182 p | ||
| 942 | |c BK | ||
| 945 | |d 20171201 13:56:00 |a dcastane | ||
| 260 | |a Talca |b Universidad de Talca |c 2012 | ||
| 650 | 0 | |a Artistas chilenos |9 344566 | |
| 650 | 0 | |a Pintores chilenos |9 345328 | |
| 650 | 0 | |a Biografías |9 255210 | |
| 650 | 0 | |a Pintura chilena |9 266171 | |
| 583 | |a last modification |c 20171201 13:56:00 |k Rodrigo Vera | ||
| 490 | 0 | |a Colección Corporativa | |
| 999 | |c 370167 |d 370165 | ||
| 952 | |0 0 |1 0 |3 erd |4 0 |6 709_830000000000000_ZAM_2012 |7 0 |8 A |9 486493 |a BIBAGR |b BIBAGR |i 5439035 |o 709.83 ZAM 2012 |p 5439035 |r 2025-01-20 |w 2019-11-24 |y BK |z Catalogado en:20171201 |k AGR | ||